QMPLE (Quequality) - Podaj wszystkich co brali udział - Statystyki

Ogólne statystyki
  • Ten quiz został rozwiązany 13 razy
  • Średni wynik to 8 z 12
Statystyki odpowiedzi
Artyści % Poprawnych
Bober
100%
Osaka
100%
Szymi Szyms
100%
Filipek
90%
Gibbs
90%
Miszel
80%
Przyłu
80%
Kabe
70%
Opał
50%
Cooks
30%
Grzegorz Skawiński
30%
ZetHa
20%
Nie znaleziono quizów pasujących do podanych kryteriów
Rozkład punktacji
Procent ludzi z każdym wynikiem
Percentyl według liczby udzielonych odpowiedzi
Twoja historia wyników
Nie rozwiązałeś tego quizu